School Of Arts Architecture And Technology At Pune (Record no. 361190)

MARC details
000 -LEADER
fixed length control field 00272nam a2200097Ia 4500
008 - FIXED-LENGTH DATA ELEMENTS--GENERAL INFORMATION
fixed length control field 241105s9999 xx 000 0 und d
041 ## - LANGUAGE CODE
Language code of text/sound track or separate title eng
100 ## - MAIN ENTRY--PERSONAL NAME
Personal name Kulkarni Sanika
245 ## - TITLE STATEMENT
Title School Of Arts Architecture And Technology At Pune
260 ## - PUBLICATION, DISTRIBUTION, ETC. (IMPRINT)
Name of publisher, distributor, etc. BNCA B-Arch ID, Pune
Date of publication, distribution, etc. 2016

No items available.